| 000 | 00777nam a22002177a 4500 | ||
|---|---|---|---|
| 999 |
_c63727 _d63727 |
||
| 005 | 20240530110656.0 | ||
| 008 | 171219s2016 ua a a 000 0 ara d | ||
| 017 |
_a2014/4156 _bمصر. دار الكتب |
||
| 020 | _a9789771447290 | ||
| 040 |
_aEG-CaGPL _cEG-CaGPL |
||
| 082 | 0 | 4 |
_221 _a649.51 _bط/م أ |
| 100 | 1 | _aميتشم ، جيمس | |
| 245 | 1 | 0 |
_aانشطة علمية ومهارات يدوية / _cتأليف جيمس ميتشم ؛ ترجمة اميرة على عبدالصادق |
| 250 | _aط.1 | ||
| 260 |
_aالقاهرة : _bدار نهضة مصر للنشر ، _c2016 . |
||
| 300 |
_a128 ص. ؛ _c28 سم. |
||
| 650 | 0 | 7 |
_2qrmak _aالاشغال اليدوية |
| 651 | _2qrmak | ||
| 942 |
_2ddc _cBK |
||